Full name of North Korea - Statistics

General Stats
  • This quiz has been taken 92 times
  • The average score is 5 of 5
Answer Stats
Name % Correct
Democratic
98%
Korea
91%
of
91%
Republic
89%
People's
88%
No matching quizzes found
Score Distribution
Percent of People with Each Score
Percentile by Number Answered
Your Score History
You have not taken this quiz